Evaluación de un programa conductual para la prevención de errores de lectura /

Guardat en:
Dades bibliogràfiques
Autor principal: Barba Quezada, Bertha Patricia (autor)
Altres autors: Leñero Narváez, Irma Guadalupe (autor) (autor)
Format: Thesis Llibre
Idioma:espanyol
Matèries:
Etiquetes: Afegir etiqueta
Sense etiquetes, Sigues el primer a etiquetar aquest registre!

MARC

LEADER 00000nam^a2200000^a^4500
001 000109921
005 20250521000000.0
009 20260310093739.971
037 |a Acervo ITESO - Biblioteca 
041 |a ESP 
090 |a PSI. 473 
100 |a Barba Quezada, Bertha Patricia  |e (autor) 
245 1 0 |a Evaluación de un programa conductual para la prevención de errores de lectura /  |c B.P. Barba Quezada, I.G. Leñero Narváez. 
264 |a Guadalajara, México :  |b edición de autor,  |c 1987 
300 |a 180 p. 
336 |a texto  |b txt  |2 rdacontenido 
337 |a sin mediación  |b n  |2 rdamedio 
338 |a volumen  |b nc  |2 rdasoporte 
502 |a ITESO Tesis de Licenciatura en Psicología 
649 |a XX 
650 |a Niños 
650 |a Problemas de Aprendizaje 
650 |a Lectura -  |x Estudio y Enseñanza 
650 |a Psicología Educativa 
650 |a Educación 
700 |a Leñero Narváez, Irma Guadalupe  |e (autor) 
910 |a Fondo General 
920 |a Impresos - Tesis del ITESO 
930 |a Colección General 
905 |a 104 
901 |a 0500046422  |b IT2  |c TSS  |u 20250521 
902 |a https://opac.biblio.iteso.mx/vufind/Record/000109921